Airport property demand will grow (Record no. 117110)
[ view plain ]
| 000 -LEADER | |
|---|---|
| fixed length control field | 01309cam a2200241 4500 |
| 001 - CONTROL NUMBER | |
| control field | ABS67679 |
| 008 - FIXED-LENGTH DATA ELEMENTS--GENERAL INFORMATION | |
| fixed length control field | 040317n2004 000 0 eng u |
| 035 ## - SYSTEM CONTROL NUMBER | |
| System control number | (Sirsi) u125441 |
| 100 ## - MAIN ENTRY--PERSONAL NAME | |
| Personal name | Heath, V. |
| 245 ## - TITLE STATEMENT | |
| Title | Airport property demand will grow |
| 260 ## - PUBLICATION, DISTRIBUTION, ETC. | |
| Date of publication, distribution, etc. | 2004 |
| 490 ## - SERIES STATEMENT | |
| Series statement | Property Forecast |
| Volume/sequential designation | 7(2) February 2004, 4-5(2) |
| 520 ## - SUMMARY, ETC. | |
| Summary, etc. | Examines worldwide trends in the air industry over the last couple of years and asks if growth in passenger volumes will result in increased demand for commercial property. The latest surveys find that three UK airports are in the top 10 of Europe's fastest growing airports and one UK airport in the top 10 of Europe's fastest growing freight airports. Nevertheless concludes that while demand for warehouse premises in close proximity to airports can be expected to increase over the next year, with the possible exception of Stansted airport the growth in passenger numbers does not necessarily indicate a similar increased demand for airport-located commercial property. Includes tables. |
| 590 ## - LOCAL NOTE (RLIN) | |
| Local note | ABS |
| 590 ## - LOCAL NOTE (RLIN) | |
| Local note | ABS |
| 650 ## - SUBJECT ADDED ENTRY--TOPICAL TERM | |
| Topical term or geographic name entry element | KING STURGE & CO |
| 650 ## - SUBJECT ADDED ENTRY--TOPICAL TERM | |
| Topical term or geographic name entry element | AIRPORT-RELATED PROPERTY |
| 650 ## - SUBJECT ADDED ENTRY--TOPICAL TERM | |
| Topical term or geographic name entry element | AIRPORTS |
| 650 ## - SUBJECT ADDED ENTRY--TOPICAL TERM | |
| Topical term or geographic name entry element | AIRPORT-RELATED WAREHOUSING |
| 650 ## - SUBJECT ADDED ENTRY--TOPICAL TERM | |
| Topical term or geographic name entry element | STANSTED AIRPORT |
| 690 ## - LOCAL SUBJECT ADDED ENTRY--TOPICAL TERM (OCLC, RLIN) | |
| Topical term or geographic name as entry element | TRANSPORT AND COMMUNICATIONS |
| 942 ## - ADDED ENTRY ELEMENTS (KOHA) | |
| Suppress in OPAC | 0 |
| Withdrawn status | Lost status | Source of classification or shelving scheme | Damaged status | Not for loan | Home library | Current library | Shelving location | Date acquired | Total Checkouts | Full call number | Barcode | Date last seen | Copy number | Price effective from | Koha item type |
|---|---|---|---|---|---|---|---|---|---|---|---|---|---|---|---|
| Dewey Decimal Classification | London | London | Journal article | 17/03/2004 | ABS67679 | 125441-1001 | 06/08/2019 | 1 | 06/08/2019 | Journal article |